| 000 | 00722nam a2200205 a 4500 | ||
|---|---|---|---|
| 001 | 000014658 | ||
| 005 | 20200929163859.0 | ||
| 008 | 100118s2009 dr c 001 0 spa d | ||
| 020 | _a9789945864465 | ||
| 040 |
_aDO-SdBNP _bspa _cBNPHU |
||
| 082 |
_axxx _bG934 |
||
| 100 | 1 |
_aGuerrero Roa, Julio, _d1966- _933206 |
|
| 245 | 1 | 4 |
_aLos distritos municipales : _blegislación - teoría & práctica / _cJulio Guerrero Roa. |
| 260 |
_aBonao : _bCreativo 4, _c2009. |
||
| 300 |
_a423 p. : _bretrs. ; _c22 cm. |
||
| 500 | _aIncluye datos biográficos del autor en la solapa de la cubierta | ||
| 504 | _aIncluye referencias bibliográficas [p. 413-423] | ||
| 590 | _aLa biblioteca posee 3 ejemplares autografiado | ||
| 049 | _aBNPD | ||
| 999 |
_c14242 _d14242 |
||